Länder Nordafrikas - Statistiken

Allgemein
  • Dieses Quiz wurde 40 mal gespielt
  • Das Durchschnittsergebnis liegt bei 11 aus 13
Antwortstatistiken
Land % Korrekt
Algerien
100%
Marokko
97%
Tunesien
97%
Ägypten
95%
Libyen
89%
Sudan
89%
Mauretanien
81%
Mali
78%
Niger
76%
Tschad
73%
Äthiopien
68%
Eritrea
65%
Dschibuti
54%
Keine übereinstimmenden Quizze gefunden
Verteilung der Resultate
Anzahl Personen mit jedem Resultat
Perzentil nach korrekt beantworteten Fragen
Ihre Resultats-Entwicklung
Sie haben dieses Quiz noch nicht gespielt